000 00419nam a2200181Ia 4500
003 0100
008 130303s9999 xx 000 0 und d
040 _cARRUPELIB
050 _aPZ3.L961984
100 _aLudlum, Robert
245 4 _aThe Aquitaine Progression
260 _aNY
260 _bBantam Books Inc
260 _C1984
300 _a698p
650 _bPhilosophy-Addresses, essays, lectures
942 0 0 _03
999 _c23745
_d23745